000
00275nam a22001097a 4500
008
160520b xxu||||| |||| 00| 0 eng d
020
_a
0672976072
041
_a
eng
080
_a
76
245
_a
Comprehensive graphic arts;
_c
Ervon A. Dennis; John D. Jenkins;
942
_2
udc
_c
BK
999
_c
2322
_d
2322